Diagnostika a zabezpečení číslicových systémů. VI.

Na minha lista:
Detalhes bibliográficos
Formato: Livro
Idioma:inglês
Publicado em: Brno : ČSVTS, 1983
Tags: Adicionar Tag
Sem tags, seja o primeiro a adicionar uma tag!

MARC

LEADER 00000nam a22000003a 4500
001 stu103
005 20150408175116.7
008 910326s1983----cs------------------eng-d
040 |a STU  |b slo 
041 0 |a eng 
044 |a cs 
080 |a 681.3.06 
245 |a Diagnostika a zabezpečení číslicových systémů. VI. 
260 |a Brno :  |b ČSVTS,  |c 1983 
300 |a 304 s 
996 |c I*Z9951  |l I  |s A  |a 24  |w stu103_0001 
996 |c I*Z8005  |l I  |s A  |a 24  |w stu103_0002